[Event "Potsdam Christmas 35th"]
[Site "Potsdam"]
[Date "2010.12.30"]
[Round "7.42"]
[White "Friedel, Manuel"]
[Black "Gersdorf, Victoria"]
[Result "1-0"]
[WhiteElo "1633"]
[BlackElo "881"]
[PlyCount "101"]
[EventDate "2010.12.27"]
[EventType "swiss"]
[EventRounds "7"]
[EventCountry "GER"]
[SourceTitle "EXT 2022"]
[Source "ChessBase"]
[SourceDate "2021.10.06"]
[SourceVersion "1"]
[SourceVersionDate "2021.10.06"]
[SourceQuality "1"]

1. d4 d5 2. c4 dxc4 3. e4 Nf6 4. e5 Ng4 5. Bxc4 e6 6. Qxg4 Bb4+ 7. Nc3 0-0 8. Nf3 f6 9. Bh6 Qe7 10. 0-0 f5 11. Qg5 Qxg5 12. Bxg5 f4 13. g3 fxg3 14. fxg3 Bd7 15. a3 Ba5 16. d5 exd5 17. Bxd5+ Kh8 18. Bxb7 Bc6 19. Bxa8 Bxa8 20. Nd4 Re8 21. Rad1 h6 22. Bf4 Bb6 23. Na4 Bxd4+ 24. Rxd4 Nc6 25. Rd7 Ne7 26. Rfd1 Nc6 27. Rxc7 Nxe5 28. Bxe5 Rxe5 29. Rc8+ Kh7 30. Rxa8 a5 31. h4 Re3 32. Kg2 Re2+ 33. Kh3 g5 34. h5 Kg7 35. Rd6 Re7 36. Nc5 Kf7 37. Rd7 Rxd7 38. Nxd7 Ke7 39. Ne5 Ke6 40. Ng6 Kf5 41. Rxa5+ Ke4 42. Re5+ Kd3 43. b4 Kc4 44. b5 Kb3 45. b6 Kxa3 46. Rc5 Kb4 47. Rc1 Kb3 48. b7 Kb2 49. Rc7 Kb3 50. b8Q+ Ka4 51. Ra7# 1-0

[Event "Potsdam Christmas 35th"]
[Site "Potsdam"]
[Date "2010.12.29"]
[Round "5.43"]
[White "Friedel, Manuel"]
[Black "Raulin, Kian"]
[Result "1/2-1/2"]
[WhiteElo "1633"]
[BlackElo "1304"]
[PlyCount "125"]
[EventDate "2010.12.27"]
[EventType "swiss"]
[EventRounds "7"]
[EventCountry "GER"]
[SourceTitle "EXT 2022"]
[Source "ChessBase"]
[SourceDate "2021.10.06"]
[SourceVersion "1"]
[SourceVersionDate "2021.10.06"]
[SourceQuality "1"]

1. Nc3 Nf6 2. e4 e5 3. Nf3 Nc6 4. d4 exd4 5. Nxd4 Bb4 6. Nxc6 dxc6 7. Qxd8+ Kxd8 8. f3 h6 9. Be3 Bxc3+ 10. bxc3 b6 11. 0-0-0+ Ke7 12. Bf4 Ne8 13. Rd2 Bb7 14. Bc4 Nd6 15. Bb3 a5 16. a3 g5 17. Bg3 Rhd8 18. h4 Rh8 19. Rhd1 Rad8 20. Bf2 f5 21. exf5 Nxf5 22. hxg5 hxg5 23. g4 Rxd2 24. Rxd2 Nd6 25. Re2+ Kd8 26. Bd4 Rf8 27. Be3 Kc8 28. Bxg5 Rxf3 29. Rh2 Ba6 30. Rh8+ Kb7 31. Kb2 Rg3 32. Be6 Bc4 33. Bf4 Rg2 34. Bxd6 Bxe6 35. Rh7 Bxg4 36. Rxc7+ Ka6 37. Rxc6 Kb5 38. Rc7 Bf5 39. Kc1 Bxc2 40. Rc8 Bf5 41. Rc7 Ka4 42. Rc6 b5 43. Rc5 Bg4 44. Rd5 Be6 45. Re5 Bc4 46. Be7 Kb3 47. Re3 Ka2 48. Bc5 Bb3 49. Bd4 Rc2+ 50. Kd1 Rxc3+ 51. Kd2 Rxe3 52. Bxe3 Kxa3 53. Kc1 Bc4 54. Kb1 Kb3 55. Bb6 Kb4 56. Bc7 Ka4 57. Kb2 b4 58. Bd6 Kb5 59. Be7 Kc6 60. Bf8 Kd5 61. Be7 Ke4 62. Bf8 Kd3 63. Be7 1/2-1/2